La Vía Láctea = The Milky Way /
Un humilde lechero es reclutado por un mánager de boxeadores después de que, por casualidad, encuentran caído a sus pies al campeón mundial de peso medio, cuando él esquivó en realidad los golpes que se propinaron aquél y otro boxeador profesional. Para restaurar el prestigio del caído, entrenan al...
Uloženo v:
| Hlavní autor: | |
|---|---|
| Další autoři: | , , , , , , , , , |
| Médium: | |
| Jazyk: | angličtina |
| Edice: | (Grandes Series Eurolatinoamericana)
|
| Témata: | |
| Tagy: |
Žádné tagy, Buďte první, kdo vytvoří štítek k tomuto záznamu!
|
MARC
| LEADER | 00000ngm^a2200000^a^4500 | ||
|---|---|---|---|
| 001 | 000297407 | ||
| 005 | 20250521000000.0 | ||
| 009 | 20260310112336.987 | ||
| 037 | |a Acervo ITESO - Biblioteca | ||
| 041 | |a ING | ||
| 082 | |a 810. |b MCC | ||
| 100 | |a McCarey, Leo |e (realización) | ||
| 240 | 1 | 4 | |a [El lechero] |
| 240 | 1 | 4 | |a [La Vía Láctea, de Leo McCarey] |
| 245 | 1 | 3 | |a La Vía Láctea = |b The Milky Way / |c Realización de L. McCarey. |
| 246 | 2 | |a Título en México: El lechero [salas de cine] | |
| 264 | 2 | |a México : |b Eurolatinoamericana [distribución], |c 2008, c2008 | |
| 300 | |a 1 DVD multirregión |c (28 min.) | ||
| 336 | |a imagen móvil bidimensional |b tdi |2 rdacontenido | ||
| 337 | |a video |b v |2 rdamedio | ||
| 338 | |a videodisco |b vd |2 rdasoporte | ||
| 440 | 1 | |a (Grandes Series Eurolatinoamericana) | |
| 500 | |a Basado en: The Milky Way: A Comedy in Three Acts, de Lynn Root y Harry Clork | ||
| 520 | |a Un humilde lechero es reclutado por un mánager de boxeadores después de que, por casualidad, encuentran caído a sus pies al campeón mundial de peso medio, cuando él esquivó en realidad los golpes que se propinaron aquél y otro boxeador profesional. Para restaurar el prestigio del caído, entrenan al lechero y lo hacen participar en una serie de peleas arregladas para que gane; la finalidad es que ambos personajes se enfrenten por el título, campeonato que, sorprendentemente, gana el impostor. | ||
| 546 | |a En inglés, con subtítulos opcionales: español | ||
| 546 | |a Doblaje opcional: español | ||
| 649 | |a XX | ||
| 650 | |a Comedias Cinematográficas | ||
| 650 | |a Cine Norteamericano - |y 1930-1939 | ||
| 650 | |a Cine Norteamericano - |y Siglo XX | ||
| 650 | |a Cine en Blanco y Negro - |z EUA | ||
| 650 | |a Escritores Norteamericanos | ||
| 650 | |a Impostores e Impostura | ||
| 650 | |a Boxeadores en el Cine | ||
| 650 | |a Comedia Norteamericana - |x Adaptaciones para Cine | ||
| 650 | |a Teatro Norteamericano - |x Adaptaciones para Cine | ||
| 650 | |a Literatura Norteamericana - |y Siglo XX - |x Adaptaciones para Cine | ||
| 650 | |a Literatura y Cine | ||
| 650 | |a Boxeo en el Cine | ||
| 650 | |a Deportes en el Cine | ||
| 650 | |a Corrupción | ||
| 650 | |a Prácticas Culturales | ||
| 650 | |a Cultura Popular | ||
| 650 | |a Clork, Harry | ||
| 650 | |a Root, Lynn | ||
| 700 | |a Jones, Grover |e (guión) | ||
| 700 | |a Butler, Frank |e (guión) | ||
| 700 | |a Connell, Richard |e (guión) | ||
| 700 | |a Gilks, Alfred |e (fotógrafo) | ||
| 700 | |a Stone, LeRoy |e (montaje) | ||
| 700 | |a Satterfield, Tom |e (música) | ||
| 700 | |a Young, Victor |e (música) | ||
| 700 | |a Lloyd, Harold |e (actuación) | ||
| 700 | |a Menjou, Adolphe |e (actuación) | ||
| 700 | |a Teasdale, Verree |e (actuación) | ||
| 910 | |a Fondo General | ||
| 920 | |a Audiovisuales - DVDs | ||
| 940 | |a Películas | ||
| 905 | |a 302 | ||
| 901 | |a 0500093779 |b IT2 |c DVS |i C115955 |u 20250521 | ||
| 902 | |a https://opac.biblio.iteso.mx/vufind/Record/000297407 | ||